Movies by Picture - E - Statistics

General Stats
  • This quiz has been taken 744 times
  • The average score is 9 of 16
Answer Stats
Picture Answer % Correct
E.T. the Extra-Terrestrial
98%
Elf
94%
Edward Scissorhands
89%
Elvis
84%
The Empire Strikes Back
74%
The Exorcist
71%
Everything Everywhere All at Once
63%
The Elephant Man
59%
Enola Holmes
58%
Enchanted
51%
The Expendables
46%
Edge of Tomorrow
38%
Enter the Dragon
35%
Ex Machina
34%
Eiffel
31%
The Evil Dead
25%
No matching quizzes found
Score Distribution
Percent of People with Each Score
Percentile by Number Answered
Your Score History
You have not taken this quiz